|
|
|
|
| LEADER |
00000cam a2200000 a 4500 |
| 001 |
vtls001339074 |
| 003 |
SK-MaSNL |
| 005 |
20260302070708.0 |
| 008 |
240226s1998 xo a r 001 0 slo |
| 015 |
|
|
|a SNBA1998/11-04037
|
| 020 |
|
|
|a 8071184284
|
| 035 |
|
|
|a SNK000292131
|
| 035 |
|
|
|a urn:nbn:sk:snk-amtjr0
|
| 035 |
|
|
|a urn:nbn:sk:snk-am00c5zy
|
| 035 |
|
|
|a 041F2A96-51AF-4AB6-AB44-F4869777A451
|
| 040 |
|
|
|a SNK
|b slo
|c SNK
|e AACR2
|
| 041 |
1 |
|
|a slo
|h ger
|
| 044 |
|
|
|a xo
|c SK
|
| 080 |
|
|
|a 635.91(035)
|2 1981
|
| 080 |
|
|
|a 745.92(035)
|2 1981
|
| 100 |
1 |
|
|a Waechter, Dorothée
|4 aut
|9 47696
|
| 240 |
1 |
0 |
|a Gestalten mit Zimmerpflanzen
|l Slovensky
|
| 245 |
1 |
|
|a Čaro kvetín v interiéri
|b zaujímavé rastliny, pekné doplnky, malé aranžmány
|c Dorothée Waechterová, Jürgen Stork ; [z nemeckého originálu preložila Ivana Musilová]
|
| 260 |
|
|
|a Bratislava
|b Ikar
|c 1998
|
| 300 |
|
|
|a 159 s.
|b fareb. fotogr.
|c 27 cm
|
| 500 |
|
|
|a Rozlož. fotogr. na tit. strane
|
| 500 |
|
|
|a Údaj o prekl. prevzatý z rubu tit. strany
|
| 504 |
|
|
|a Obsahuje register
|
| 650 |
0 |
7 |
|a izbové rastliny
|2 SNKPH
|9 1079
|
| 650 |
0 |
7 |
|a aranžovanie kvetov
|2 SNKPH
|9 3093
|
| 655 |
|
7 |
|a príručky
|2 SNKPH
|9 74364
|
| 700 |
1 |
|
|a Stork, Jürgen
|4 aut
|4 pht
|9 46991
|
| 700 |
1 |
|
|a Musilová, Ivana
|4 trl
|9 45943
|
| 919 |
|
|
|a 80-7118-428-4
|
| 958 |
|
|
|a TL
|
| 958 |
|
|
|a OP
|
| 958 |
|
|
|a NS
|
| 958 |
|
|
|a DE
|
| 968 |
|
|
|b DT
|
| 999 |
|
|
|c 1148513
|d 1150443
|
| 952 |
|
|
|t P60, <03>, [BOOK], {603}
|a SNK
|b SNK
|y PREZ
|7 0
|p 17A0153527
|o snkSB 59224
|i snkKSP 7695/98
|0 0
|1 0
|4 0
|d 1998-08-13
|f 1
|l 0
|r 2025-04-11 00:00:00
|w 2026-02-24
|
| 952 |
|
|
|t P60, <04>, [BOOK], {604}
|a SNK
|b SNK
|y VYP
|7 0
|p 17A0153528
|o snkSB 59224 D1
|i snkKSP 7696/98
|0 0
|1 0
|4 0
|d 1998-08-13
|l 0
|r 2005-01-02 00:00:00
|w 2026-02-24
|